| 000 | 01113cab a22001935a 4500 | ||
|---|---|---|---|
| 001 | L156643 | ||
| 008 | 120618e2012 xxk 000 0 eng d | ||
| 035 | _a(Sirsi) u156643 | ||
| 041 | 0 | _aeng | |
| 100 | 1 | _aHatcher, David | |
| 245 | 0 | 0 | _aNo way back for the high street |
| 260 | _c2012 | ||
| 490 | 0 |
_aProperty Week _v78(24) 15 June 2012, 34-37(4) |
|
| 520 | _aCollier International's "Midsummer Retail Report 2012" paints the bleakest picture yet of the UK retail property market - too many shops on many high streets. New development will happen where there is demand but in many towns retail space will be boarded up permanently or demolished. Central London was the only region to report an increase in rents (9.4%). The UK overall vacancy rate is 10.4% up from 9.7% in 2011. Colliers' market predictions concentrate on leisure, localism and linking. Graphics cover biggest rent risers and fallers; average regional rent changes; highest and lowest UK retail rents; and high street administrations. | ||
| 590 | _aKA | ||
| 651 | 4 | _aUnited Kingdom | |
| 690 |
_aCommercial property _96227 |
||
| 942 | _n0 | ||
| 999 |
_c84101 _d84101 |
||